|
|
|
|
| LEADER |
03053nam a22004215i 4500 |
| 001 |
978-3-658-12246-1 |
| 003 |
DE-He213 |
| 005 |
20160215091912.0 |
| 007 |
cr nn 008mamaa |
| 008 |
151216s2016 gw | s |||| 0|eng d |
| 020 |
|
|
|a 9783658122461
|9 978-3-658-12246-1
|
| 024 |
7 |
|
|a 10.1007/978-3-658-12246-1
|2 doi
|
| 040 |
|
|
|d GrThAP
|
| 050 |
|
4 |
|a QC19.2-20.85
|
| 072 |
|
7 |
|a PHU
|2 bicssc
|
| 072 |
|
7 |
|a SCI040000
|2 bisacsh
|
| 082 |
0 |
4 |
|a 530.1
|2 23
|
| 100 |
1 |
|
|a Bartolf, Holger.
|e author.
|
| 245 |
1 |
0 |
|a Fluctuation Mechanisms in Superconductors
|h [electronic resource] :
|b Nanowire Single-Photon Counters, Enabled by Effective Top-Down Manufacturing /
|c by Holger Bartolf.
|
| 250 |
|
|
|a 1st ed. 2016.
|
| 264 |
|
1 |
|a Wiesbaden :
|b Springer Fachmedien Wiesbaden :
|b Imprint: Springer Spektrum,
|c 2016.
|
| 300 |
|
|
|a XXI, 328 p. 79 illus., 78 illus. in color.
|b online resource.
|
| 336 |
|
|
|a text
|b txt
|2 rdacontent
|
| 337 |
|
|
|a computer
|b c
|2 rdamedia
|
| 338 |
|
|
|a online resource
|b cr
|2 rdacarrier
|
| 347 |
|
|
|a text file
|b PDF
|2 rda
|
| 520 |
|
|
|a Holger Bartolf discusses state-of-the-art detection concepts based on superconducting nanotechnology as well as sophisticated analytical formulæ that model dissipative fluctuation-phenomena in superconducting nanowire single-photon detectors. Such knowledge is desirable for the development of advanced devices which are designed to possess an intrinsic robustness against vortex-fluctuations and it provides the perspective for honorable fundamental science in condensed matter physics. Especially the nanowire detector allows for ultra-low noise detection of signals with single-photon sensitivity and GHz repetition rates. Such devices have a huge potential for future technological impact and might enable unique applications (e.g. high rate interplanetary deep-space data links from Mars to Earth). Contents Superconducting Single-Photon Detectors Nanotechnological Manufacturing; Scale: 10 Nanometer Berezinskii-Kosterlitz Thouless (BKT) Transition, Edge-Barrier, Phase Slips Target Groups Researchers and students of physics in the fields of single-photon devices, nanofabrication, nanophotonics, nanoelectronics and superconductivity Industrial practitioners with focus on nanotechnology and single-photon detectors About the Author Holger Bartolf studied Solid State Physics at the Universities of Karlsruhe and Zürich. In 2011 he relocated at the Swiss Corporate Research Center of a leading company in power and automation technologies where his current interests focus on the applied R&D of the next generation of power semiconductors.
|
| 650 |
|
0 |
|a Physics.
|
| 650 |
|
0 |
|a Nanotechnology.
|
| 650 |
1 |
4 |
|a Physics.
|
| 650 |
2 |
4 |
|a Theoretical, Mathematical and Computational Physics.
|
| 650 |
2 |
4 |
|a Nanotechnology.
|
| 710 |
2 |
|
|a SpringerLink (Online service)
|
| 773 |
0 |
|
|t Springer eBooks
|
| 776 |
0 |
8 |
|i Printed edition:
|z 9783658122454
|
| 856 |
4 |
0 |
|u http://dx.doi.org/10.1007/978-3-658-12246-1
|z Full Text via HEAL-Link
|
| 912 |
|
|
|a ZDB-2-PHA
|
| 950 |
|
|
|a Physics and Astronomy (Springer-11651)
|